000 00841nam a2200229 i 4500
001 98428
003 ES-MaACL
005 20230906182301.0
007 t|
008 050829s1909 sp ||||1| spa d
245 0 3 _aLa campaña oficial en 1908 [contra la tuberculosis].
260 _aMadrid :
_b[s.n.],
_c1909 (
_fImpr. y Libr. de Nicolás Moya)
300 _a52 p. ;
_c23 cm.
490 1 _aPublicaciones de la Comisión Permanente contra la Tuberculosis ;
_v3
500 _aPrecede al tit.: Sanidad.
650 4 _aTuberculosis-
_zEspaña.
_9159022
650 4 _aTuberculosos-
_xAsistencia sanitaria-
_zEspaña.
_9159021
710 2 _aComisión permanente contra la Tuberculosis.
_93055
830 0 _aPublicaciones de la Comisión Permanente contra la Tuberculosis ;
_v3
_9184470
852 _aES-MaACL
_jT-1249-F-11
999 _c98428
_d98428